| 000 | 00913nam a22003017a 4500 | ||
|---|---|---|---|
| 001 | 00746 | ||
| 003 | DO-SdBPM | ||
| 005 | 20250826125315.0 | ||
| 007 | ta | ||
| 008 | 151110b2010 pr | 00| 0 spa d | ||
| 020 | _a9786124063527 | ||
| 040 |
_aDO-SdBPM _bspa _cBPMSU _erda |
||
| 082 | 4 |
_a853.8 _bA516c 2010 _222 |
|
| 100 | 1 |
_a Amicis, Edmundo de, _d1846-1908 _eautor |
|
| 245 | 1 | 0 |
_aCorazón / _cEdmundo de Amicis ; adptación Gerson Jara Morales |
| 264 |
_aPerú : _bEducativa _c2010. |
||
| 300 |
_a116 páginas ; _c19 cm. |
||
| 336 |
_atexto _btxt _2rdacontent |
||
| 337 |
_asin mediación _bn _2rdamedia |
||
| 338 |
_avolumen _bnc _2rdacarrier |
||
| 490 | 0 | _aPlan lector | |
| 590 | _aInventariado, 2025/VM | ||
| 650 | 7 | _aNovela juvenil italiana | |
| 650 | 7 |
_aFamilia _vNovela juvenil |
|
| 700 | 1 |
_aJara Morales, Gerson _eadaptación |
|
| 910 | _aVMateo V. Control de calidad. BPMSU | ||
| 942 |
_2ddc _cBK |
||
| 999 |
_c10683 _d10683 |
||